| 000 | 00737nam a2200241Ia 4500 | ||
|---|---|---|---|
| 001 | dia_1710 | ||
| 003 | CHAP | ||
| 005 | 20230508104412.0 | ||
| 008 | 220117s1990 xx 000 0 und d | ||
| 010 | _a172255 | ||
| 040 | _cCHAP | ||
| 082 | _a628.1 L67 | ||
| 100 |
_aLópez Alegria, Pedro. _967651 |
||
| 245 |
_aAbastecimiento de Agua Potable y Disposición y Eliminación de Excretas / _c por Pedro López Alegria. |
||
| 260 |
_aMéxico, Instituto Politécnico Nacional. _c1990 |
||
| 300 | _a295 p. | ||
| 650 |
_aAgua _x abastecimiento. _92223 |
||
| 650 |
_aIngeniería sanitaria. _958277 |
||
| 901 | _a628.1 L67 | ||
| 902 | _aM | ||
| 905 | _a0000001990 MEX 0000000000ESP00 | ||
| 942 |
_cLIBRO _2ddc |
||
| 999 |
_c172255 _d172255 |
||